| 000 | 00964nam a22001937a 4500 | ||
|---|---|---|---|
| 003 | OSt | ||
| 005 | 20250929084305.0 | ||
| 008 | 250929b |||||||| |||| 00| 0 eng d | ||
| 040 | _cDCL | ||
| 041 | _aMyanmar | ||
| 082 | _a၅၅၁.၄၈၃ | ||
| 100 | 0 |
_aမြင့်ဇော်၊ _9742 _cမောင် |
|
| 245 | 1 | 0 |
_aထိန်းသိမ်းစောင့်ရှောက်ရန် လိုအပ်နေသဖြင့် တင်ပြခြင်း(သံလွင်မြစ်) / _cမောင်မြင့်ဇော်။ |
| 264 |
_aရန်ကုန် ၊ _bငဝန်စာပေ၊ _c၂၀၁၆။ |
||
| 300 |
_a၁၀၉ စာမျက်နှာ ၊ _bပုံများ ၊ _c၂၂ စင်တီ။ |
||
| 500 | _aမြန်မာ-အင်္ဂလိပ်နှစ်ဘာသာ ပါဝင်သည်။ | ||
| 650 | _aသံလွင်မြစ် | ||
| 942 |
_2ddc _cSHORT TERM _n0 |
||
| 999 |
_c2264 _d2264 |
||